Αγγλικό Λεξιλόγιο #1 - Πατήστε την Εικόνα - Statistics

General Stats
  • This quiz has been taken 10 times
  • The average score is 21 of 24
Answers on the Map
Answers color-coded by a green-red scale on the quiz's map according to % correct below.
 
Answer Stats
Answer % Correct
A car
100%
A knife
100%
A window
100%
A bathtub
90%
A bird
90%
A butterfly
90%
A cow
90%
A ghost
90%
A nose
90%
A rainbow
90%
A shoe
90%
A snake
90%
A spider
90%
A strawberry
90%
Grapes
90%
The sun
90%
An airplane
80%
A ruler
80%
A screwdriver
80%
A suitcase
80%
A whale
80%
Watermelon
80%
A bucket
70%
A die
60%
No matching quizzes found
Score Distribution
Percent of People with Each Score
Percentile by Number Answered
Your Score History
You have not taken this quiz